000 01495nam a2200481 i 4500
001 6593
003 KOSZ 005
005 20200507113532.0
008 s1993 gw f |000 0 ger d
020 _a3190015066
040 _cBPK
041 0 _ager
044 _agw
046 _k1993
080 _a33
080 _a811.112.2
080 _a(075.8).
080 _a(076)
100 1 _aJung, Lothar
245 1 0 _aBetriebswirtschaft :
_bLese- und Arbeitsbuch /
_cLothar Jung.
260 _aIsmaning :
_bMax Hueber Verlag,
_c1993.
300 _a159 stron :
_bilustracje ;
_c24 cm.
336 _aText
_btxt
_2rdacontent
337 _aBez urządzenia pośredniczącego
_bn
_2rdamedia
338 _aWolumin
_bnc
_2rdacarrier
380 _aKsiążki
380 _aPublikacje dydaktyczne
388 _a1901-2000
388 _a1989-2000
490 1 _aFachsprache Deutsch
500 _aNa okładce i stronie tytułowej : Fachsprache Deutsch.
650 9 _aJęzyk niemiecki
650 9 _aEkonomia
655 _aPodręczniki akademickie
655 _aĆwiczenia i zadania dla szkół wyższych
658 _aEdukacja i pedagogika
658 _aGospodarka, ekonomia, finanse
710 _aMax Hueber Verlag
830 _aFachsprache Deutsch
830 _aSprachen der Welt - Hueber
856 _uhttp://koha.tu.koszalin.pl/cgi-bin/koha/opac-detail.pl?biblionumber=6593
_yKatalog online BPK
942 _cKS
_2UKD
999 _c6593
_d6593